Právny režim medzinárodných riek diplomová práca

Salvato in:
Dettagli Bibliografici
Autore principale: Cséfalvayová, Katarína
Ente Autore: Fakulta medzinárodných vzťahov EU. Katedra medzinárodného práva
Altri autori: Hurná, Lucia, 1978-
Natura: Libro
Lingua:slovacco
Pubblicazione: Bratislava 2009
Tags: Aggiungi Tag
Nessun Tag, puoi essere il primo ad aggiungerne!!

MARC

LEADER 00000nam$a2200000$$$4500
001 0097143
005 20240320075340.7
041 0 |a slo 
044 |a SK 
245 1 0 |a Právny režim medzinárodných riek  |b diplomová práca  |c Katarína Cséfalvayová ; škol. Lucia Hurná 
264 1 |a Bratislava  |c 2009 
300 |a 73 s. 
100 1 |a Cséfalvayová, Katarína 
700 1 |a Hurná, Lucia, 1978- 
710 2 |a Fakulta medzinárodných vzťahov EU. Katedra medzinárodného práva